000 00436nam a2200205Ia 4500
001 12075
003 GE_BSU
008 181216s||||||||xx |||||||||||||| ||und||
020 _a978051543926
040 _cGE_BSU
080 _a821.111-312.4
100 _aCornwell,Patricia
245 _aPort Mortuary
260 _aLondon
260 _bSphere.
260 _c2010.
300 _a488p;20cm.
653 _aPort Mortuary
942 _cBK
999 _c45252
_d45252